Online katalóg knižníc regiónu Turca

Peter Ďurík (Record no. 22765)

MARC details
000 -LEADER
fixed length control field 02394cam a2200649 4500
001 - CONTROL NUMBER
control field 22765
003 - CONTROL NUMBER IDENTIFIER
control field SK-KTurca
005 - DATE AND TIME OF LATEST TRANSACTION
control field 20260423104951.0
008 - FIXED-LENGTH DATA ELEMENTS--GENERAL INFORMATION
fixed length control field 200205s2017 xo hoa g h 000 0bslo
015 ## - NATIONAL BIBLIOGRAPHY NUMBER
National bibliography number SNBA2018/01
020 ## - INTERNATIONAL STANDARD BOOK NUMBER
International Standard Book Number 9788097278328
Qualifying information (viazané)
035 ## - SYSTEM CONTROL NUMBER
System control number urn:nbn:sk:snk-am00d5wu
035 ## - SYSTEM CONTROL NUMBER
System control number urn:nbn:sk:snk-am3hqrh
035 ## - SYSTEM CONTROL NUMBER
System control number 43A6F6CE-59B4-4F7E-A37C-A56B3336A7C7
040 ## - CATALOGING SOURCE
Original cataloging agency SNK
Language of cataloging slo
Transcribing agency SNK
Description conventions rda
041 0# - LANGUAGE CODE
Language code of text/sound track or separate title slo
-- eng
044 ## - COUNTRY OF PUBLISHING/PRODUCING ENTITY CODE
MARC country code xo
ISO country code SK
072 #7 - SUBJECT CATEGORY CODE
Subject category code 655
Subject category code subdivision Polygrafia. Vydavateľstvá a knižný obchod
072 #7 - SUBJECT CATEGORY CODE
Subject category code 76
Subject category code subdivision Grafické umenie. Grafika
Source konspekt
080 ## - UNIVERSAL DECIMAL CLASSIFICATION NUMBER
Universal Decimal Classification number 655.2
Edition identifier 2011
080 ## - UNIVERSAL DECIMAL CLASSIFICATION NUMBER
Universal Decimal Classification number 655.244
Edition identifier 2011
080 ## - UNIVERSAL DECIMAL CLASSIFICATION NUMBER
Universal Decimal Classification number 655.2-051
Edition identifier 2011
080 ## - UNIVERSAL DECIMAL CLASSIFICATION NUMBER
Universal Decimal Classification number 766
Edition identifier 2011
080 ## - UNIVERSAL DECIMAL CLASSIFICATION NUMBER
Universal Decimal Classification number (092)
Edition identifier 2011
080 ## - UNIVERSAL DECIMAL CLASSIFICATION NUMBER
Universal Decimal Classification number (048.8)
Edition identifier 2011
100 1# - MAIN ENTRY--PERSONAL NAME
Personal name Longauer, Ľubomír,
Dates associated with a name 1948-2025
Relationship aut
-- pht
245 10 - TITLE STATEMENT
Title Peter Ďurík
Remainder of title Typografia
Statement of responsibility, etc. Ľubomír Longauer ; preklad Michal Vongrej ; fotografie a skeny Peter Ďurík, Ľubomír Longauer
246 30 - VARYING FORM OF TITLE
Title proper/short title Typografia
264 #1 - PRODUCTION, PUBLICATION, DISTRIBUTION, MANUFACTURE, AND COPYRIGHT NOTICE
Place of production, publication, distribution, manufacture [Bratislava]
Name of producer, publisher, distributor, manufacturer [Ľubomír Longauer]
Date of production, publication, distribution, manufacture, or copyright notice 2017
300 ## - PHYSICAL DESCRIPTION
Extent 151 strán
Other physical details faksimilie, fotografie, ilustrácie
Dimensions 30 cm
336 ## - CONTENT TYPE
Content type term text
Content type code txt
Source rdacontent
336 ## - CONTENT TYPE
Content type term statický obraz
Content type code sti
Source rdacontent
337 ## - MEDIA TYPE
Media type term bez média
Media type code n
Source rdamedia
338 ## - CARRIER TYPE
Carrier type term zväzok
Carrier type code nc
Source rdacarrier
490 1# - SERIES STATEMENT
Series statement Na okraji
500 ## - GENERAL NOTE
General note Vydavateľ a miesto vydania podľa ISBN
500 ## - GENERAL NOTE
General note Chrbát knihy Peter Ďurík TYPOGRAFIA
546 ## - LANGUAGE NOTE
Language note Text čiastočne písaný v angličtine
600 17 - SUBJECT ADDED ENTRY--PERSONAL NAME
Personal name Ďurík, Peter,
Dates associated with a name 1947-
Source of heading or term SNKMA
650 07 - SUBJECT ADDED ENTRY--TOPICAL TERM
Topical term or geographic name entry element typografia
Source of heading or term SNKPH
650 07 - SUBJECT ADDED ENTRY--TOPICAL TERM
Topical term or geographic name entry element typografické písmo
Source of heading or term SNKPH
650 07 - SUBJECT ADDED ENTRY--TOPICAL TERM
Topical term or geographic name entry element typografi
Source of heading or term SNKPH
650 07 - SUBJECT ADDED ENTRY--TOPICAL TERM
Topical term or geographic name entry element grafický dizajn
Source of heading or term SNKPH
650 07 - SUBJECT ADDED ENTRY--TOPICAL TERM
Topical term or geographic name entry element typography
Source of heading or term SNKPHeng
650 07 - SUBJECT ADDED ENTRY--TOPICAL TERM
Topical term or geographic name entry element Typefaces
Source of heading or term SNKPHeng
650 07 - SUBJECT ADDED ENTRY--TOPICAL TERM
Topical term or geographic name entry element Typographers
Source of heading or term SNKPHeng
650 07 - SUBJECT ADDED ENTRY--TOPICAL TERM
Topical term or geographic name entry element Graphic design
Source of heading or term SNKPHeng
655 #7 - INDEX TERM--GENRE/FORM
Genre/form data or focus term biografie
Source of term SNKPH
655 #7 - INDEX TERM--GENRE/FORM
Genre/form data or focus term prehľady
Source of term SNKPH
655 #7 - INDEX TERM--GENRE/FORM
Genre/form data or focus term Biography
Source of term SNKPHeng
655 #7 - INDEX TERM--GENRE/FORM
Genre/form data or focus term Surveys
Source of term SNKPHeng
700 1# - ADDED ENTRY--PERSONAL NAME
Personal name Vongrej, Michal
Relationship trl
700 1# - ADDED ENTRY--PERSONAL NAME
Personal name Ďurík, Peter,
Dates associated with a name 1947-
Relationship pht
711 2# - ADDED ENTRY--MEETING NAME
Meeting name or jurisdiction name as entry element Najkrajšie knihy Slovenska
Number of part/section/meeting (XXVI. (54.) :
Date of meeting or treaty signing 2017
Location of meeting Bratislava, Slovensko).
Subordinate unit Kategória: Knihy o výtvarnom umení a obrazové publikácie.
-- Cena MK SR autorovi za vynikajúcu grafickú úpravu.
-- Cena Zväzu polygrafie na Slovensku tlačiarni za mimoriadne polygrafické spracovanie
830 #0 - SERIES ADDED ENTRY--UNIFORM TITLE
Uniform title Na okraji
942 ## - ADDED ENTRY ELEMENTS (KOHA)
Source of classification or shelving scheme Dewey Decimal Classification
Koha item type Odborná literatúra pre dospelých
Suppress in OPAC No
Holdings
Stav vyradenia Strata Poškodenie Spôsob nadobudnutia Domovská knižnica Aktuálna knižnica Dátum nadobudnutia Total checkouts Čiarový kód exemplára Date last seen Typ exemplára
      Dar Obecná knižnica Belá-Dulice Obecná knižnica Belá-Dulice 23.04.2026   4735903398 23.04.2026 Odborná literatúra pre dospelých
Projekt je podporený Slovenskou asociáciou knižníc
Prevádzkuje Turčianska knižnica Martin 2026